000 00628nam a2200217 i 4500
001 bgj
245 1 0 _aThe Oxford Illustrated History of Britain /
_cedited by Kenneth O. Morgan.
250 _a[Repr. with rev.].
260 _aOxford :
_bOxford University Press,
_c1993.
300 _aXIV, 646, [20] pp :
_bill. ;
_c25 cm.
504 _aBibliography p. [593]-605.
505 _aIncludes index.
651 9 _aGreat Britain
_xHistory
700 1 _aMORGAN, Kenneth O.
_eed.
020 _a0192851748
040 _cBPK
041 0 _aeng
920 _a0-19285174-8
942 _cKS
008 s uk f |000 0 eng
999 _c47736
_d47736
856 _uhttp://koha.tu.koszalin.pl/cgi-bin/koha/opac-detail.pl?biblionumber=47736
_yKatalog online BPK